| 000 | 00699nam a2200205Ii 4500 | ||
|---|---|---|---|
| 003 | JO-AjNU | ||
| 008 | 230605s9999||||xx |||||||||||||| ||und|| | ||
| 040 |
_aJO-AjNU _bara _erda _cJO-AjNU |
||
| 041 | _aara | ||
| 050 | 1 | 4 | _aHD37.2006 |
| 100 | 3 |
_aاعداد نيو فيجن للتدريب, _eauthor _919234 |
|
| 245 | 0 | 0 | _aاعداد خطط العمل ادارة المكاتب:برنامج التأهيل الوظيفي-ادارة المكاتب=Office Management |
| 250 | _aط1 | ||
| 264 | 3 | 1 | _aد.م:د.ن،2006 |
| 300 | _a60ص | ||
| 336 |
_atext _btxt _2rdacontent |
||
| 337 |
_aunmediated _bn _2rdamedia |
||
| 338 |
_avolume _bnc _2rdacarrier |
||
| 650 | 4 |
_aالتخطيط الاداري _919235 |
|
| 999 |
_aA6305 _c9873 _d9873 |
||